| 000 | 01225cam a2200169 a 4500 | ||
|---|---|---|---|
| 999 |
_c5216 _d5216 |
||
| 020 | _a186152918X | ||
| 050 | 4 |
_aHB615 _b.B656 |
|
| 100 | 1 | _aBolton, Bill | |
| 245 | 1 | 4 |
_aThe entrepreneur in focus : _bachieve your potential / _cBill Bolton and John Thompson. |
| 260 |
_aAustralia ; _aLondon : _bThomson, _c2003. |
||
| 300 |
_axii, 276 p. : _bill. ; _c24 cm. |
||
| 500 | _aIncludes index | ||
| 505 | _aChapter 1. The Enterpreneur in Focus -- Chapter 2. The Potential Entrepreneur -- Chapter 3. The Proven Entrepreneur -- Chapter 4. Conventional Wisdom -- Chapter 5. But What is an Enterpreneur? -- Chapter 6. The Spirit of the Entrepreneur -- Chapter 7. The 'Facets' of the Entrepreneur -- Chapter 8. Focus -- Chapter 9. Advantage -- Chapter 10. Creativity -- Chapter 11. Ego -- Chapter 12. Team -- Chapter 13. Social -- Chapter 14. Applying the Facets -- Chapter 15. Some Real Entrepreneurs -- Chapter 16. Releasing the Entrepreneur -- Chapter 17. Releasing the Corporate Entrepreneur -- Chapter 18. What Entrepreneurs Do -- Chapter 19. Airline Entrepreneurs -- Chapter 20. Retail Entrepreneurs -- Chapter 21. Now it's Your Turn! | ||
| 650 | 0 | _aEntrepreneurship. | |
| 700 | 1 | _aThompson, John L. | |
| 942 | _cBK | ||